Statistics for NBA All-Stars By Letter - H

Click here to take the quiz!

General Stats

  • This quiz has been taken 442 times
    (217 since last reset)
  • The average score is 15 of 31

Answer Stats

PlayersSelectionsLastTeams% Correct
James Harden102022Rockets, Nets
93%
Dwight Howard82014Magic, Lakers, Rockets
84%
Josh Howard12007Mavericks
84%
Juwan Howard11996Bullets
84%
Tyrese Haliburton22024Pacers
83%
John Havlicek131978Celtics
81%
Penny Hardaway41998Magic
77%
Tim Hardaway51998Warriors, Heat
77%
Al Horford52018Hawks, Celtics
76%
Jrue Holiday2202376ers, Bucks
73%
Elvin Hayes111980Rockets, Bullets
62%
Richard Hamilton32008Pistons
61%
Gordon Hayward12017Jazz
59%
Grant Hill62001Pistons, Magic
59%
Tyrone Hill11995Cavaliers
59%
Roy Hibbert22014Pacers
52%
Devin Harris12009Nets
48%
Tom Heinsohn61965Celtics
39%
Allan Houston22001Knicks
32%
Lou Hudson61974Hawks
30%
Connie Hawkins41973Suns
27%
Hersey Hawkins1199176ers
27%
Jeff Hornacek11992Suns
23%
Cliff Hagan51962Hawks
22%
Spencer Haywood41975SuperSonics
21%
Bob Harrison11956Hawks
15%
Bailey Howell61967Pistons, Bullets, Celtics
10%
Lionel Hollins11978Trail Blazers
9%
Hot Rod Hundley21961Lakers
3%
Mel Hutchins41957Hawks, Pistons
3%
Walt Hazzard11968SuperSonics
3%

Score Distribution

Percentile by Number Answered

Percent of People with Each Score

Your Score History

You have not taken this quiz since the last reset